Регионална библиотека "Любен Каравелов" - Русе

Тайните за змейовете (Запис номер 455581)

MARC детайли
000 -Лидер
Контролно поле с фиксирана дължина 01118nam a2200313 a 4500
003 - Код на организацията, давaща контролен номер
Контролно поле BLK
005 - Дата и час на последна редакция
Контролно поле 20241129121610.0
008 - Елементи от данни с фиксирана дължина
fixed length control field 180411b bul|||||r ||||||| ||bul||
010 ## - Наследен системен номер
LC control number KNG00187665000
020 ## - Международен стандартен номер на книга ISBN
Международен стандартен номер на книга ISBN 9789542838616
040 ## - Източник на каталожния запис
Идентификатор на билиотеката - собственик на записа BLK
041 ## - Код за език
Код за езика на текст/звукозапис или на отделно заглавие Български
Код за езика КДБФ Български
080 ## - УДК
Текстов определител УДК Религиозни теми в народни вярвания
УДК код - определител по УДК 398.3:22
УДК определител (497.2)
УДК - код + определител 398.3:22(497.2)
100 1# - Редна дума - Автор
Автор Буковски, Христо Димитров
Авторска отговорност първи автор
R(LIN) 242633
139 ## - Редно поле
Редна дума Буковски, Христо Димитров
Авторски знак Бук - Б 85
245 10 - Сведения за заглавието
Заглавие Тайните за змейовете
Подзаглавни данни Произход и наследство
Редно поле (дума) Христо Буковски.
257 ## - Страна на издаване
Страна на създаване/издаване България
260 ## - Област на издателските данни
Име на издателя, разпространителя и проч. Сиела Норма
Година на издаване 2022
Място на издаване, разпространение и проч. София
300 ## - Физическа характеристика
Страници 375 с.
Илюстрации и др. със сн.
Размери/Мащаб 23 см
380 ## - Жанр
Жанр Обществени науки
504 ## - Забележка за наличие на библиография и др
Забележка за наличие на библиография и под. 370-375 с.
650 #0 - Допълнително описание по предмет – тема
Основно описание – тема или топоним Народни вярвания, български
9 (RLIN) 249706
653 #7 - Ключова дума – ненормативна
Ключова дума змейове
9 (RLIN) 187032
653 #7 - Ключова дума – ненормативна
Ключова дума митология
9 (RLIN) 191146
856 4# - Електронен адрес и достъп
Електронен формат pdf - файл
856 4# - Електронен адрес и достъп
Електронен формат pdf - файл
999 ## - СИСТЕМНИ КОНТРОЛНИ НОМЕРА
Koha biblionumber 455581
Koha biblioitemnumber 455581
942 ## - АРТИКУЛИ
Вид на библиотечния материал Книги
Скрит в OPAC Не
Koha issues (borrowed), all copies 21
Периодичен библиозапис Да
944 ## - СЪЗДАВАНЕ И РЕДАКЦИЯ на ЗАПИСА
Служител, извършил регистрацията/редакцията 30546
Статус, дата на статуса Ренета Константинова
Наличности
Код за отписване Код за изгубен артикул Източник на класификационната схема Код за повреда Коз за рестрикции Код за отдаване Артикулен № Име на библиотеката - собственик Име на библиотеката, в която се намира в момента Статус (Текущо местоположение) Дата на вписване в системата Местоположение - отдел Цена в лева Систематично азбучна сигнатура Баркод Цена в евро Служебен тип на артикула
  Не е изгубен Universal Decimal Classification Не е повреден без рестрикции заемане за дома 884695 Регионална библиотека "Любен Каравелов" Русе Регионална библиотека "Любен Каравелов" Русе Заемна - подръчен фонд 2022-05-17 Заемна - подръчен фонд 15.00 398/Б 85 Х 120000872673 7.67 Книги
  Не е изгубен Universal Decimal Classification Не е повреден без рестрикции заемане за дома 888789 Регионална библиотека "Любен Каравелов" Русе Регионална библиотека "Любен Каравелов" Русе Заемна - подръчен фонд 2022-06-09 Заемна - подръчен фонд 15.00 398/Б 85 Х 120000872739 7.67 Книги
  Не е изгубен Universal Decimal Classification Не е повреден без рестрикции заемане за дома 891764 Регионална библиотека "Любен Каравелов" Русе Регионална библиотека "Любен Каравелов" Русе Заемна - подръчен фонд 2022-06-24 Заемна - подръчен фонд 15.00 398/Б 85 Х 120000872849 7.67 Книги
Vip Innovations Ltd, Rousse, Bulgaria 2025